000 00575nam a2200193Ia 4500
001 14838
003 GE_BSU
008 181216s||||||||xx |||||||||||||| ||und||
040 _cGE_BSU
080 _a514.12(075.8)
100 _aБакельман,И.Я
245 _aАналитическая геометрия и линейная алгебра
260 _aМосква
260 _bПросвещение
260 _c1976
300 _a287стр.22см.
653 _aАналитическая геометрия и линейная алгебра
942 _cBK
999 _c47961
_d47961